Statistics for Flags of Countries with more than 100 Million People

Click here to take the quiz!

General Stats

  • This quiz has been taken 42,326 times
    (27,372 since last reset)
  • The average score is 12 of 14

Answer Stats

Answer % Correct
Japan
100%
China
99%
Brazil
99%
United States
99%
Russia
95%
India
95%
Mexico
92%
Nigeria
85%
Pakistan
83%
Egypt
82%
Bangladesh
77%
Indonesia
75%
Philippines
68%
Ethiopia
63%

Score Distribution

Percentile by Number Answered

Percent of People with Each Score

Your Score History

You have not taken this quiz since the last reset